Responses for Show #3251 - Monday, October 26, 1998

Juliet Wiley game 1.

Contestants

[<< previous game]

Cres Heasley, a medical student from Charlottesville, Virginia

Juliet Wiley, a stay-at-home mom from Plano, Texas

Jamie Phillippe, a customer service representative from Baton Rouge, Louisiana (whose 2-day cash winnings total $16,201)

[next game >>]

Jeopardy! Round responses

GREEN
EGGS & HAM
SAM-I-AM
(Alex: People named Sam.)
HORTON HEARS THE WHO
ONE FISH, TWO FISH
OH, THE PLACES YOU'LL GO!
(Alex: There's a theme there.)
    $100 2
Boston Celtics

Jamie
    $100 17
Denver

Cres
    $100 1
Samuel Langhorne Clemens

Juliet
    $100 13
"Tommy"

Jamie
    $100 11
The Great White Shark

Cres
    $100 26
Hans Christian Andersen

Juliet
    $200 3
Brussels Sprouts

Cres
    $200 18
Quiche

Cres
    $200 5
Sam Walton

Jamie
    $200 22
Guinness Book of World Records

Jamie
    $200 12
Piranha

Juliet
    $200 27
Amsterdam

Cres
    $300 4
Bowling Green

Juliet
    $300 19
Canadian bacon

Cres
    $300 8
Sam Donaldson

Jamie
    $300 23
Keith Moon

Cres
    $300 14
Bass

Cres
    $1,000 28
(Cres: What is Barbados?)

Haiti

Cres
    $400 6
The Green Knight

Jamie
    $400 20
(Juliet: What is a Croque Monsieur?)
(Cres: What is a Reuben?)

Monte Cristo

JulietCres
Triple Stumper
    $400 9
Sammy Davis Jr.

Cres
    $400 24
Pete Townshend

Cres
    $400 15
Sturgeon (caviar)

Cres
    $400 29
Victoria

Jamie
    $500 7
Saudi Arabia

Jamie
    $500 21
Denny's

Jamie
    $500 10
(Alex: [**] chaired the Senate Watergate Committee; [*] was the former chief Watergate counsel.)

Sam Dash and/or Sen. Sam Ervin

Triple Stumper
    $500 25
U2

Jamie
    $500 16
Flounder

Cres
    $500 30
Lipizzaner stallions

Cres

Scores at the first commercial break (after clue 14):

Jamie Juliet Cres
$1,600 $600 $1,000

Scores at the end of the Jeopardy! Round:

Jamie Juliet Cres
$3,200 $300 $2,500

Double Jeopardy! Round responses

HISTORIC NAMES
EDUCATION
MUSICALS
POETIC LICENSE
STOCK SYMBOLS
CROSSWORD CLUES "G"
    $200 2
Niccolo Machiavelli

Jamie
    $200 30
(Jamie: What is chancellor?)

President

JamieCres
    $200 1
"The Lion King"

Jamie
    $200 7
Edgar Allan Poe

Cres
    $200 8
Campbell's

Juliet
    $200 21
Goliath

Jamie
    $400 3
Benigno Aquino

Triple Stumper
    $400 29
Bilingual

Juliet
    $400 9
"Saturday Night Fever"

Juliet
    $400 13
Lord Byron

Juliet
    $400 17
Merrill Lynch

Cres
    $400 22
groom

Cres
    $600 4
(Cres: Who is John Wesleyan?)

John Wesley

JamieCres
    $600 28
Public school

Juliet
    $500 10
[Based on "The Princess and the Pea"]

Once Upon a Mattress

Juliet
    $500 14
Dylan Thomas

Juliet
    $600 18
Sprint

Triple Stumper
    $600 23
(Alex: And we have a minute to go.)

a garland

Juliet
    $800 5
Hermann Goering

Triple Stumper
    $800 27
Normal school

Juliet
    $800 11
Cervantes

Jamie
    $800 15
Robert Burns

Juliet
    $800 19
(Cres: What is Canadian Club?)
(Juliet: What is Hennessy?)

Seagrams

JulietCres
Triple Stumper
    $800 24
Grit

Cres
    $1000 6
Solon

Jamie
    $1000 26
Channel One

Cres
    $1000 12
(Jamie: What is Joseph's Amazing Technicolor Coat?)
(Cres: What is Joseph's and the Amazing Technicolor Dreamcoat?)

The Scarlet Pimpernel

JamieCres
Triple Stumper
    $1000 16
Percy Shelley

Cres
    $1000 20
Rubbermaid

Triple Stumper
    $1000 25
Guernsey

Jamie

Scores at the end of the Double Jeopardy! Round:

Jamie Juliet Cres
$6,000 $4,700 $4,100

[wagering suggestions for these scores]

Final Jeopardy! Round responses

ARCHAEOLOGY
CresWho is Kublai Khan
$0
JulietWho is Kubla Khan?
$4,200
JamieWho was Justinian?
$3,401
Kublai Khan

Final scores:

Jamie Juliet Cres
$2,599 $8,900 $4,100
3rd place: Samsung His & Hers Cameras New champion: $8,900 2nd place: Daewoo TV/VCR Combo & Speaker System & Bush Home Theater Cabinet

Game dynamics:

Coryat scores:

Jamie Juliet Cres
$6,000 $4,900 $5,100
17 R,
2 W
14 R
(including 2 DDs),
2 W
20 R,
5 W
(including 1 DD)

Combined Coryat: $16,000

[game clues] [game scores] [suggest correction]

Game tape date: 1998-09-02
The J! Archive is created by fans, for fans. Scraping, republication, monetization, and malicious use prohibited; this site may use cookies and collect identifying information. See terms. The Jeopardy! game show and all elements thereof, including but not limited to copyright and trademark thereto, are the property of Jeopardy Productions, Inc. and are protected under law. This website is not affiliated with, sponsored by, or operated by Jeopardy Productions, Inc. Join the discussion at JBoard.tv.